Pedagogická prax predškolská a elementárna pedagogika : (bakalársky študijný program) : [metodické pokyny a hodnotenie študenta]

Bibliographic Details
Main Authors: Ivanovičová, Júlia, 1949- (Author), Slezáková, Tatiana (Author)
Format: Book
Language:Slovak
PhysicalDescription:53 s. 21 cm
Published: Nitra Pedagogická fakulta Univerzity Konštantína Filozofa 2010
ISBN:9788080946753
Edition:2. upr. vyd.
Subjects:

MARC

LEADER 00000cam a2200000 a 4500
001 vtls010115955
003 SK-MaSNL
005 20260301135257.0
008 240315s2010 xo l d f 000 0 slo
015 |a SNBA2010/08-04627 
020 |a 9788080946753  |q (brož.) 
035 |a 2B3E9F85-435B-4995-865D-B2C49BB23AAD 
035 |a urn:nbn:sk:snk-amk34l 
035 |a urn:nbn:sk:snk-am0085rv 
040 |a SNK  |b slo  |c SNK  |e AACR2 
041 0 |a slo 
044 |a xo  |c SK 
072 7 |a 371  |x Školstvo (organizácia)  |2 konspekt 
080 |a 371.133  |2 2001 
080 |a 373.2  |2 2001 
080 |a 377  |2 2001 
080 |a 378.046.2  |2 2001 
080 |a (072)  |2 2001 
100 1 |a Ivanovičová, Júlia,  |d 1949-  |4 aut  |9 200146 
245 1 0 |a Pedagogická prax  |b predškolská a elementárna pedagogika : (bakalársky študijný program) : [metodické pokyny a hodnotenie študenta]  |c Júlia Ivanovičová, Tatiana Slezáková 
250 |a 2. upr. vyd. 
260 |a Nitra  |b Pedagogická fakulta Univerzity Konštantína Filozofa  |c 2010 
300 |a 53 s.  |c 21 cm 
366 |e 400 výt. 
500 |a Názov z obalu 
504 |a Bibliogr. s. 49 
650 0 7 |a pedagogická prax  |2 SNKPH  |9 4109 
650 0 7 |a profesijná príprava  |2 SNKPH  |9 4253 
650 0 7 |a bakalárske štúdium  |2 SNKPH  |9 4045 
650 0 7 |a predškolská pedagogika  |2 SNKPH  |9 193282 
650 0 7 |a elementárna pedagogika  |2 SNKPH  |9 193283 
655 7 |a metodické príručky  |2 SNKPH  |9 70250 
700 1 |a Slezáková, Tatiana  |4 aut  |9 11326 
919 |a 978-80-8094-675-3 
958 |a NB 
958 |a OND 
968 |d 37 
999 |c 759639  |d 761569 
952 |a SNK  |b SNK  |y PREZ  |7 0  |p 17A0665604  |o snkSC 141248  |i snk2010/15085  |8 0  |0 0  |1 0  |4 0  |d 2010-07-19  |l 0  |r 2025-07-09 00:00:00  |w 2026-02-24 
952 |a SNK  |b SNK  |y VYP  |7 0  |p 17A0665605  |o snkSC 141248 D1  |i snk2010/15086  |8 0  |0 0  |1 0  |4 0  |d 2010-07-19  |f 1  |l 0  |r 2026-02-24 00:00:47  |w 2026-02-24